Public Administration (Record no. 3051)
[ view plain ]
| 000 -LEADER | |
|---|---|
| fixed length control field | 00304nam a22001337a 4500 |
| 008 - FIXED-LENGTH DATA ELEMENTS--GENERAL INFORMATION | |
| fixed length control field | 250417b |||||||| |||| 00| 0 eng d |
| 020 ## - INTERNATIONAL STANDARD BOOK NUMBER | |
| ISBN | 812250003 |
| 100 ## - MAIN ENTRY--AUTHOR | |
| Author | Sharma M.P |
| 245 ## - TITLE STATEMENT | |
| Title | Public Administration |
| 260 ## - PUBLICATION, DISTRIBUTION, ETC. (IMPRINT) | |
| Place of publication | India |
| Name of publisher | Kitab Matal |
| 300 ## - COLLATION | |
| Pagination | 1132p. |
| 942 ## - ADDED ENTRY ELEMENTS (KOHA) | |
| Item type | Books |
| 050 ## - LIBRARY OF CONGRESS CALL NUMBER | |
| Classification number | JF 1525 |
| Item number | .S43 |
| Source of classification or shelving scheme | Not for loan | Permanent location | Current location | Date acquired | Accession No. | Full call number | Barcode. | Koha item type |
|---|---|---|---|---|---|---|---|---|
| Library of Congress Classification | Samuel Ogbemudia Main Library, University of Abuja | Samuel Ogbemudia Main Library, University of Abuja | 04/17/2025 | 2016/46969 | JF 1525.S43 | 2025-1455 | Books |